000 00633nam a2200217 a 4500
001 BRCA_400
005 20190320203007.0
008 751031s1956 mx-a---###---#000-0#spa-#
040 _aDLC
_cFMU
_dDLC
041 _aspa
044 _amx
050 4 _aZ701
_b.A46 1956
100 1 _aAlmela Meliá, Juan
_91351
245 1 0 _aHigiene y terapeútica del libro
_cJuan Almela Meliá.
260 _aMéxico
_bFCE
_c1956
300 _a219 p.
_bil.
_c17 cm.
500 _aIncluye índice analítico e índice de ilustraciones
504 _aBibliografía: p. 202-207
650 1 4 _aLibros
_xConservación y restauración
_91352
942 _2lcc
_cB
999 _c335
_d335